000 01377nam a2200229Ia 4500
999 _c51700
_d51700
001 18691
003 GE_BSU
005 20220920163542.0
008 181216s2008||||ge |||||||||||||| ||geo||
040 _cGE_BSU
041 _ageo
080 _a58 მ-43
100 _aმაჭუტაძე, ი.
_910609
245 _aკოლხეთის დაბლობის ცოცხალი სფაგნუმიანი ტორფნარევის მცენარეული საფარი : დისერტაცია /
_cი. მაჭუტაძე; მეცნ. ხელმძღვ. მ. დუმბაძე; ბათუმის შოთა რუსთაველის სახ-ფო უნ-ტი.ბიოლოგიის დეპ-ტი.
264 _aბათუმი :
_bბათუმის შოთა რუსთაველის სახ. უნ-ტი,
_c2008.
300 _a115 გვ.;
_b30 სმ.
653 _aბოტანიკა
653 _aდისერტაცია
653 _aკოლხეთის დაბლობის ცოცხალი სფაგნუმიანი ტორფნარევის მცენარეული საფარი
700 _aდუმბაძე, მ.
_eმეცნ. ხელმძღვანელი
_91562
942 _cBK
_2udc